Southville International School and Colleges
Your cart is empty.
  • Cart
  • Lists
    Public lists Eva Luna New books Lux_list list_1
    Your lists Log in to create your own lists
  • Log in to your account
  • Your cookies
  • Search history
Southville International School and Colleges
  • Advanced search
  • Recent comments
  • Most popular
  • Libraries

Log in to your account

Log in with GOOGLE


If you do not have an external account, but do have a local account, you can still log in:

  1. Home
  2. MARC view: Imprisoned :
Normal view MARC view ISBD view

Imprisoned : (Record no. 361258)

[ view plain ]
MARC details
000 -LEADER
fixed length control field 00713nam a2200265Ia 4500
008 - FIXED-LENGTH DATA ELEMENTS--GENERAL INFORMATION
fixed length control field 190123s9999 xx 000 0 und d
020 ## - INTERNATIONAL STANDARD BOOK NUMBER
International Standard Book Number 9780545646062
050 ## - LIBRARY OF CONGRESS CALL NUMBER
Classification number 940.5
050 ## - LIBRARY OF CONGRESS CALL NUMBER
Item number S217 2013
100 ## - MAIN ENTRY--PERSONAL NAME
Personal name Sandler, Martin W.
245 #0 - TITLE STATEMENT
Title Imprisoned :
245 #4 - TITLE STATEMENT
Remainder of title the betrayal of Japanese Americans during World War II /
245 #0 - TITLE STATEMENT
Statement of responsibility, etc by Martin W. Sandler.
260 ## - PUBLICATION, DISTRIBUTION, ETC. (IMPRINT)
Place of publication, distribution, etc New York, New York :
260 ## - PUBLICATION, DISTRIBUTION, ETC. (IMPRINT)
Name of publisher, distributor, etc Scholastic,
260 ## - PUBLICATION, DISTRIBUTION, ETC. (IMPRINT)
Date of publication, distribution, etc 2013
300 ## - PHYSICAL DESCRIPTION
Extent 178 pages :
300 ## - PHYSICAL DESCRIPTION
Other physical details colored illustrations ;
300 ## - PHYSICAL DESCRIPTION
Dimensions 25cm.
500 ## - GENERAL NOTE
General note 1240L
650 ## - SUBJECT ADDED ENTRY--TOPICAL TERM
Topical term or geographic name as entry element Evacuation and relocation of Japanes Americans.
650 ## - SUBJECT ADDED ENTRY--TOPICAL TERM
Topical term or geographic name as entry element Japanese.
650 ## - SUBJECT ADDED ENTRY--TOPICAL TERM
Topical term or geographic name as entry element World War (1939-1945).
700 ## - ADDED ENTRY--PERSONAL NAME
Personal name Title.
Holdings
Withdrawn status Lost status Damaged status Home library Current library Shelving location Date acquired Total Checkouts Full call number Barcode Date last seen Price effective from Koha item type
      Stonyhurst Southville International School (Malarayat) Stonyhurst Southville International School (Malarayat)   01/23/2019   NF 940.5 S217 2013 SSISM6415 01/23/2019 01/23/2019 Books

Imprisoned :

APA

Sandler M. W., Title, .Imprisoned. New York, New York: .

Chicago

Sandler Martin W, Title, .Imprisoned. New York, New York: .

Harvard

Sandler M. W., Title, .Imprisoned. New York, New York: .

MLA

Sandler Martin W, Title, .New York, New York: . .

  • Place hold
  • Print
  • Cite
  • Add to your cart (remove)
  • Save record
    BIBTEX Dublin Core MARCXML MARC (non-Unicode/MARC-8) MARC (Unicode/UTF-8) MARC (Unicode/UTF-8, Standard) MODS (XML) RIS
  • More searches
    Search for this title in:
    Other Libraries (WorldCat) Other Databases (Google Scholar) Online Stores (Bookfinder.com) Open Library (openlibrary.org)

Exporting to Dublin Core...

SOUTHVILLE LIBRARY

Southville International School and Colleges Library

1281 Tropical Ave. Cor. Luxembourg St., BF Homes International, Las Pinas City

Tel. No. 8256374 / 252358 Loc. 117/146

Powered by Koha